000 00604nam a2200181Ia 4500
008 100920s9999 xx 000 0 und d
082 _b67811
_a491.462 थ 58
100 _aकाणेकर अनंत.
245 _aनिशिकांताची नवरी.
260 _bदेशमुख आणि कंपनी, पुणे.
_c1958
300 _a64
_bसाधी
365 _b10
520 _aनाटक.
630 _aनिशिकांताची नवरी.
650 _aनाटक.
730 _aनिशिकांताची नवरी.
942 _cBOOK
999 _c710231
_d710228